000 00504nam a2200193 a 4500
001 1761486480931
003 ACL
005 20251026192011.0
008 251026s2008##################000#0#eng##
020 _a9781599181899
082 0 4 _a658.8708
_bKES
100 1 _aKestenbaum, Harold,
_eauthor.
245 1 0 _aSo You Want to Franchise Your Business :
260 _bEntrepreneur Press,
_c2008.
300 _a250 pages
650 0 _aBusiness & Economics.
942 _cENGLISH
040 _aACL
_beng
_cACL
999 _c594069
_d594069